Consiga el éxito en su trayectoria profesional : desde los 20 hasta los 60 años, desde un buen empleo o desde el paro, es posible diseñar y aplicar con eficacia su propia estrategia personal y profesional (EPP) /
Contenido: Introducción; Definir nuestro verdadero objetivo profesional; El punto de partida hacia las buenas oportunidades de trabajo; Cómo hacer contactos para conseguir el trabajo que buscamos: generar alternativas profesionales; Conclusión; Casos reales: once ejecutivos en sus respectivas encruc...
Gardado en:
| Autor Principal: | |
|---|---|
| Outros autores: | , |
| Formato: | Libro |
| Idioma: | Lingua castelá |
| Publicado: |
Barcelona, España :
Gestión 2000,
2003, c2003
|
| Temas: | |
| Etiquetas: |
Sen Etiquetas, Sexa o primeiro en etiquetar este rexistro!
|
MARC
| LEADER | 00000nam^a2200000^a^4500 | ||
|---|---|---|---|
| 001 | 000168999 | ||
| 005 | 20250521000000.0 | ||
| 009 | 20260310101222.06 | ||
| 020 | |a 84-8088-848-2 | ||
| 037 | |a Acervo ITESO - Biblioteca | ||
| 041 | |a ESP | ||
| 082 | |a 658. 409 |b LLA | ||
| 100 | |a Lladó Casadevall, Jaime |e (autor) | ||
| 245 | 1 | 0 | |a Consiga el éxito en su trayectoria profesional : |b desde los 20 hasta los 60 años, desde un buen empleo o desde el paro, es posible diseñar y aplicar con eficacia su propia estrategia personal y profesional (EPP) / |c J. Lladó Casadevall, A. Valls Roig ; pról. de O. Amat Salas. |
| 264 | 4 | |a Barcelona, España : |b Gestión 2000, |c 2003, c2003 | |
| 300 | |a 162 p. | ||
| 336 | |a texto |b txt |2 rdacontenido | ||
| 337 | |a sin mediación |b n |2 rdamedio | ||
| 338 | |a volumen |b nc |2 rdasoporte | ||
| 520 | |a Contenido: Introducción; Definir nuestro verdadero objetivo profesional; El punto de partida hacia las buenas oportunidades de trabajo; Cómo hacer contactos para conseguir el trabajo que buscamos: generar alternativas profesionales; Conclusión; Casos reales: once ejecutivos en sus respectivas encrucijadas; Anexo a los casos. | ||
| 649 | |a XX | ||
| 650 | |a Desarrollo Profesional | ||
| 650 | |a Exito Administrativo | ||
| 650 | |a Mercado de Trabajo | ||
| 650 | |a Proceso Administrativo - |x Dirección | ||
| 650 | |a Recursos Humanos | ||
| 650 | |a Ciencias Administrativas | ||
| 700 | |a Valls Roig, Antonio |e (autor) | ||
| 700 | |a Amat Salas, Oriol |e (prólogo) | ||
| 910 | |a Fondo General | ||
| 920 | |a Impresos - Libros | ||
| 930 | |a Colección General | ||
| 905 | |a 101 | ||
| 901 | |a 0500105394 |b IT1 |c ACC |u 20250521 | ||
| 902 | |a https://opac.biblio.iteso.mx/vufind/Record/000168999 | ||